Statistiques concernant League of Legends (LoL) - Finalistes du MSI

Cliquez ici pour prendre le quiz!

Statistiques générales

  • Ce quiz a été pris 236 fois
    (14 depuis la dernière actualisation)
  • Le résultat moyen est 31 sur 56

Statistiques - réponses

ÉditionJoueur / Équipe% Correct
2015 Mid-Season InvitationalSK Telecom T1
100%
2022 Mid-Season InvitationalT1
100%
2015 Mid-Season InvitationalFaker
85%
2022 Mid-Season InvitationalFaker
85%
2017 Mid-Season InvitationalG2 Esports
85%
2024 Mid-Season InvitationalBilibili Gaming
77%
2023 Mid-Season InvitationalBilibili Gaming
77%
2024 Mid-Season InvitationalBin
77%
2023 Mid-Season InvitationalBin
77%
2024 Mid-Season Invitationalknight
77%
2022 Mid-Season InvitationalGumayusi
69%
2022 Mid-Season InvitationalKeria
69%
2023 Mid-Season InvitationalON
69%
2024 Mid-Season InvitationalON
69%
2022 Mid-Season InvitationalOner
69%
2017 Mid-Season InvitationalPerkz
69%
2022 Mid-Season InvitationalZeus
69%
2015 Mid-Season InvitationalBang
62%
2015 Mid-Season Invitationalbengi
62%
2021 Mid-Season InvitationalDWG KIA
62%
2015 Mid-Season InvitationalEasyhoon
62%
2024 Mid-Season InvitationalElk
62%
2023 Mid-Season InvitationalElk
62%
2015 Mid-Season InvitationalMaRin
62%
2019 Mid-Season InvitationalTeam Liquid
62%
2023 Mid-Season InvitationalYagao
62%
2021 Mid-Season InvitationalCanyon
54%
2019 Mid-Season InvitationalImpact
54%
2019 Mid-Season InvitationalJensen
54%
2021 Mid-Season InvitationalShowMaker
54%
2015 Mid-Season InvitationalWolf
54%
2017 Mid-Season InvitationalZven
54%
2021 Mid-Season InvitationalBeryL
46%
2019 Mid-Season InvitationalCoreJJ
46%
2019 Mid-Season InvitationalDoublelift
46%
2021 Mid-Season InvitationalKhan
46%
2018 Mid-Season InvitationalKhan
46%
2017 Mid-Season Invitationalmithy
46%
2017 Mid-Season InvitationalTrick
46%
2024 Mid-Season InvitationalXUN
46%
2023 Mid-Season InvitationalXUN
46%
2016 Mid-Season Invitationalaphromoo
38%
2016 Mid-Season InvitationalCounter Logic Gaming
38%
2017 Mid-Season InvitationalExpect
38%
2021 Mid-Season InvitationalGhost
38%
2018 Mid-Season InvitationalBdd
31%
2016 Mid-Season InvitationalDarshan
31%
2018 Mid-Season InvitationalGorillA
31%
2018 Mid-Season InvitationalKingzone DragonX
31%
2018 Mid-Season InvitationalPeanut
31%
2018 Mid-Season InvitationalPraY
31%
2016 Mid-Season InvitationalStixxay
31%
2016 Mid-Season InvitationalXmithie
31%
2019 Mid-Season InvitationalXmithie
31%
2018 Mid-Season InvitationalCuzz
23%
2016 Mid-Season InvitationalHuhi
15%

Distribution des résultats

Percentile par nombre de réponses

% des personnes avec chaque résultat

Votre développement - résultats

Vous n’avez pas pris ce quiz depuis la dernière actualisation